00376nam a2200157Ia 45000010006000000050017000060080041000230410008000640820018000721000029000902450045001192600009001643000029001736500008002026540008002102478920260414151107.0260414t2008||||xx |||||||||||||| ||spa|| aESP a346bA36 T. 2 aAlbaladejo, Manuel,eAUT 0aDerecho civil :berecho de obligaciones c2008 a1006 páginas :c24 cm. aDER aCDE